Squadre con piu retrocessioni in serie C - Statistics

Statistiche generali
  • Questo quiz è stato fatto 30 volte
  • Il punteggio medio è 5 su 10
Statistiche sulle risposte
Squadra Retrocessioni Ultima Retrocessione % Corretto
Salernitana 7 2024-25
85%
Reggiana 9 2020-21
70%
Como 7 2015-16
59%
Foggia 7 2018-19
56%
Monza 7 2000-01
56%
Spal 7 2022-23
56%
Taranto 8 1992-93
48%
Catanzaro 7 2005-06
44%
Cremonese 7 2005-06
44%
Prato 7 1963-64
22%
Nessun quiz corrispondente trovato
Distribuzione punteggi
Percentuale di utenti per punteggio
Percentile per numero di risposta
I tuoi punteggi nel tempo
Non hai fatto questo quiz